MARC

LEADER 00000nam0a2200000 4500
001 83945
005 20231101213326.0
010 |a 5699102345 
035 |a (RuTPU)RU\TPU\book\90248 
090 |a 83945 
100 |a 20051024d2005 m y0rusy50 ca 
101 0 |a rus 
102 |a RU 
105 |a y z 000ay 
200 1 |a Они  |e роман  |f А. И. Слаповский 
210 |a Москва  |c Эксмо  |d 2005 
215 |a 461 с. 
610 1 |a русская литература 
610 1 |a романы 
675 |a Р2  |v 3 
700 1 |a Слаповский  |b А. И.  |c русский писатель  |c прозаик, драматург  |f 1957-  |g Алексей Иванович  |2 stltpush  |3 (RuTPU)RU\TPU\pers\17230  |4 070  |9 6362 
801 1 |a RU  |b 63413507  |c 20051024  |g PSBO 
801 2 |a RU  |b 63413507  |c 20180828  |g PSBO 
942 |c BK 
959 |a 84/20051019  |d 1  |e 133,21  |f ХФ:1